| 000 | 01703nam a22005177a 4500 | ||
|---|---|---|---|
| 003 | AR-RoUNA | ||
| 005 | 20250910175102.0 | ||
| 008 | 250910b |||||||| |||| 00| 0 spa d | ||
| 020 | _a9875840785 | ||
| 040 |
_aAR-RoUNA _bspa _dAR-RoUNA |
||
| 041 |
_aspa _hspa |
||
| 044 | _aag | ||
| 100 | 1 |
_aSomoza, Emilce _927399 |
|
| 245 | 1 | 0 |
_aManual de presupuestos : _bpara el diseño grafico / _c Emilce Somoza y Alejandro Gandman |
| 250 | _a1a. ed. | ||
| 260 |
_aBuenos Aires, Argentina : _bNobuko, _c2007 |
||
| 300 |
_a284 p. _bgráficos _c21x15 cm |
||
| 505 | 0 | _tINDICE | |
| 505 | 0 | _tAgradecimientos | |
| 505 | 0 | _tPrologo | |
| 505 | 0 | _tIntroduccion | |
| 505 | 0 | _tAreas de incercion laboral | |
| 505 | 0 | _aEl Cliente | |
| 505 | 0 | _aEl Proveedor | |
| 505 | 0 | _aLos Medios | |
| 505 | 0 | _tConfeccion del presupuesto | |
| 505 | 0 | _tTipos de presupuestos | |
| 505 | 0 | _tProgramacion grafica | |
| 505 | 0 | _tAspectos Legales | |
| 505 | 0 | _tTrabajo Larga Distancia - e-commerce | |
| 505 | 0 | _tEtica Profesional | |
| 505 | 0 | _tCasos Reales | |
| 505 | 0 | _tGlosario | |
| 505 | 0 | _tBibliografia | |
| 520 | 3 | _aEste documento, es una completa guía práctica para la confección de un presupuesto, la creación y administración de un estudio de diseño y para ayuda a un desempeño correcto de la profesión del diseñador gráfico. | |
| 650 | 4 |
_aManual de presupuestos _xTipologias |
|
| 650 | 4 | _aDiseño grafico | |
| 650 | 4 | _aAspectos Legales | |
| 650 | 4 | _aEtica profesional | |
| 700 | 1 |
_aGandman, Alejandro _927402 |
|
| 908 | _aImp | ||
| 930 | _e12233 | ||
| 942 |
_2ddc _cLIB |
||
| 945 |
_aMIA _d2025-09-10 |
||
| 980 |
_61 _aMaricel Allasia _81 _gMaricel Allasia |
||
| 999 |
_c12107 _d12107 |
||